Ethics of Journalism in Transition (Record no. 649)
[ view plain ]
| 000 -LEADER | |
|---|---|
| Fixed length control field | 00450nam a2200169 4500 |
| 003 - CONTROL NUMBER IDENTIFIER | |
| Control field | SEACOMMC |
| 005 - DATE AND TIME OF LATEST TRANSACTION | |
| Control field | 20250421155134.0 |
| 008 - FIXED-LENGTH DATA ELEMENTS--GENERAL INFORMATION | |
| Fixed length control field | 241015b |||||||| |||| 00| 0 eng d |
| 020 ## - INTERNATIONAL STANDARD BOOK NUMBER / ISBN | |
| Price | Rs.250.00 |
| 040 ## - CATALOGING SOURCE | |
| Original cataloging agency | SEACOMMC |
| 082 ## - DEWEY DECIMAL CLASSIFICATION NUMBER | |
| Classification number | 070.4 |
| Book Number | S 531 |
| 100 ## - MAIN ENTRY--PERSONAL NAME | |
| Personal name | Sharma,Jitendra Kumar |
| 245 1# - TITLE STATEMENT | |
| Title | Ethics of Journalism in Transition |
| Statement of responsibility | Jitendra Kumar Sharma |
| 260 ## - IMPRINT | |
| Place of publication | Delhi |
| Name of publisher | Author press |
| Date of publication | 2005 |
| 650 ## - SUBJECT ADDED ENTRY--TOPICAL TERM | |
| Topical term | Mass Communication |
| 942 ## - ADDED ENTRY ELEMENTS (KOHA) | |
| Koha item type | Books |
| Withdrawn status | Lost status | Source of classification | Damaged status | Not for loan | Home library | Current library | Date acquired | Total Checkouts | Call number | Accession number | Date last seen | Price effective from | Koha item type | Copy number |
|---|---|---|---|---|---|---|---|---|---|---|---|---|---|---|
| Dewey Decimal Classification | SEACOM MANAGEMENT COLLEGE | SEACOM MANAGEMENT COLLEGE | 11/10/2007 | 070.4 S 531 | M-478 | 15/10/2024 | 15/10/2024 | Books | ||||||
| Dewey Decimal Classification | SEACOM MANAGEMENT COLLEGE | SEACOM MANAGEMENT COLLEGE | 11/10/2007 | 070.4 S 531 | M-479 | 15/10/2024 | 15/10/2024 | Books | 1 | |||||
| Dewey Decimal Classification | SEACOM MANAGEMENT COLLEGE | SEACOM MANAGEMENT COLLEGE | 11/10/2007 | 070.4 S 531 | M-480 | 15/10/2024 | 15/10/2024 | Books | 2 |
